| 000 | 00865nam a22002297a 4500 | ||
|---|---|---|---|
| 999 |
_c18148 _d18148 |
||
| 003 | AR-CdUCM | ||
| 008 | 190411b ||||| |||| 00| 0 spa d | ||
| 040 |
_aMUNICIPALIDAD PROVINCIAL DEL CUSCO _cBIBLIOTECA MUNICIPAL DEL CUSCO |
||
| 082 |
_a344 .07 / _bP42 |
||
| 100 |
_aPeña Cabrera, Raul _99664 |
||
| 245 |
_aDerecho penal peruano : _bpare especial / |
||
| 260 |
_aLima : _bLiurimsa, _c1964. |
||
| 300 |
_a371 paginas ; _c22 cm |
||
| 505 | _aContenido :Introducción a la parte especial del derecho penal -- Delitos contra la vida, el cuerpo y la salud -- Homicidio simple -- Homicidio calificado -- Homicidio emocional -- Infanticidio... | ||
| 650 |
_aLesiones _931574 |
||
| 650 |
_aAgresiones _931575 |
||
| 650 |
_aProblemas _99246 |
||
| 650 |
_aRiña compleja _931576 |
||
| 650 |
_aAsesinato _910439 |
||
| 942 |
_2ddc _cLIBROS |
||
| 945 |
_awnts _d2019-05-13 |
||